Industrial electronics : (Record no. 179169)
[ view plain ]
| 000 -LEADER | |
|---|---|
| fixed length control field | 01704 a2200205 4500 |
| 003 - CONTROL NUMBER IDENTIFIER | |
| control field | Nust |
| 005 - DATE AND TIME OF LATEST TRANSACTION | |
| control field | 20241003154505.0 |
| 010 ## - LIBRARY OF CONGRESS CONTROL NUMBER | |
| LC control number | 96008644 |
| 020 ## - INTERNATIONAL STANDARD BOOK NUMBER | |
| International Standard Book Number | 8120322606 |
| 040 ## - CATALOGING SOURCE | |
| Transcribing agency | Nust |
| 082 00 - DEWEY DECIMAL CLASSIFICATION NUMBER | |
| Classification number | 621.3,KIS |
| 100 1# - MAIN ENTRY--PERSONAL NAME | |
| Personal name | Kissell, Thomas E. |
| 9 (RLIN) | 34535 |
| 245 10 - TITLE STATEMENT | |
| Title | Industrial electronics : |
| Remainder of title | applications for programmable controllers,instrumentation and process control and electrical machines and motor controls / |
| Statement of responsibility, etc. | Thomas E. Kissell. |
| 250 ## - EDITION STATEMENT | |
| Edition statement | 3rd ed |
| 260 ## - PUBLICATION, DISTRIBUTION, ETC. | |
| Place of publication, distribution, etc. | Upper Saddle River, N.J. : |
| Name of publisher, distributor, etc. | Prentice Hall, |
| Date of publication, distribution, etc. | c1997. |
| 300 ## - PHYSICAL DESCRIPTION | |
| Extent | xxi, 825 p. : |
| Other physical details | ill. ; |
| Dimensions | 26 cm. |
| 505 ## - FORMATTED CONTENTS NOTE | |
| Formatted contents note | Solid State Devices Used in Industrial Logic Circuits (Page-1), Advanced Solid State Logic: Flip-Flops, Shift Registers, Counters, and Timers. (Page-35), Programmable Controllers (Page-71), Solid-State Devices used to Control Power: SCRs, TRIACs, and Power Transistors (Page-143), Solid-State Devices used for Firing Circuits (Page-178), Photo electronics, Lasers, and Fiber Optics (Page-204), Industrial Power Supplies, Inverters, and Converters (Page-248), Operational Amplifiers (Page286-), Open-Loop and Closed-Loop Feedback Systems (Page-310), Input Devices: Sensors, Transducers, and Transmitters for Measurement (Page-365), Output Devices: Amplifiers, Valves, Relays, Variable- Frequency Drives, Stepper Motors, and Servomotor Drives (Page-482), AC and DC Motors and Generators, Transformers, and Three-Phase Electricity (Page-585), Case Studies of Four Industrial Applications (Page-689), Robots and other Motion Control Systems (Page-717), Motor-Control Devices and Circuits (Page-763), Data Communications for Industrial Electronics (Page-809). |
| 650 #0 - SUBJECT ADDED ENTRY--TOPICAL TERM | |
| Topical term or geographic name entry element | Industrial electronics. |
| 942 ## - ADDED ENTRY ELEMENTS (KOHA) | |
| Source of classification or shelving scheme | |
| Koha item type | Book |
| Withdrawn status | Lost status | Source of classification or shelving scheme | Damaged status | Not for loan | Permanent Location | Current Location | Shelving location | Date acquired | Full call number | Barcode | Date last seen | Price effective from | Koha item type | Public note |
|---|---|---|---|---|---|---|---|---|---|---|---|---|---|---|
| Military College of Signals (MCS) | Military College of Signals (MCS) | General Stacks | 12/12/2016 | 621.3,KIS | MCS31842 | 12/08/2016 | 12/12/2016 | Book | Almirah No.28, Shelf No.3 |
